LEADER 00723nam a2200193 i 4500 001 000000240041 003 CaOOAMICUS 005 20150323000000.0 008 150323s1858 it u000 u ita u 013 $a218946 040 $aSeMil$bita 245 10$aVol. 89. 300 $a319 p. 773 0 $aMoroni Romano, Gaetano$tDizionario di erudizione storico-ecclesiastica da s. Pietro sino ai nostri giorni specialmente intorno ai principali santi ....$dIn Venezia : Tipografia Emiliana, 1840.$g89$w()31604 850 $aSeMil 852 $aSeMil$W1$xVenegono$y1$m3D III 118 FA$j190387$B190387$CSeMilBibl$Z2$F201242 $8I 941 1 $a10 961 $aRecupero: Mantegazza 996 $6245$aVol. 89$9(OLS)http://semarc/title/341634 LEADER 01126nam a2200277 i 4500 001 000000052672 003 CaOOAMICUS 005 20220913114922.0 008 120414s1956 it u000 u ita u 013 $a23844 040 $aSeMil$bita 100 1 $aGuitton, Jean,$d<1901-1999>.$0(OLS)http://semarc/name/848 240 10$aNouvel art de penser.$0(OLS)http://semarc/title/80935 245 10$aArte nuova di pensare /$cdi Jean Guitton. 250 $a3. edizione. 260 $aRoma :$bPaoline,$cstampa 1956. 300 $a169 p. ;$c18 cm. 490 0 $aPsychologica : collana universale di psicologia e pedagogia ;$v4 500 $aRilegato con: 2D I 147/A,C-D 650 4$aEducazione intellettuale.$0(OLS)http://semarc/subject/10874 830 0$aPsychologica : collana universale di psicologia e pedagogia ;$v4.$0(OLS)http://semarc/title/417 850 $aSeMil 852 $aSeMil$W1$xVenegono$y1$m2D I 147/B$j18826$B18826$CSeMilBibl$Z2$F18828 $81 996 $6245$aArte nuova di pensare$9(OLS)http://semarc/title/80934 996 $6260$aRoma :$bPaoline$9(OLS)http://semarc/publisher/29686